Statystyki dla Państwa z największą liczbą osób mówiących po angielsku

Kliknij tutaj aby rozwiązać quiz!

Ogólne statystyki

  • Ten quiz został rozwiązany 49 razy
  • Średni wynik to 13 z 20

Statystyki odpowiedzi

#PaństwoLiczba% Poprawnych
1.USA316,107,532
100%
7.Wielka Brytania62,912,000
96%
12.Kanada30,480,750
91%
13.Australia21,715,910
89%
2.Indie128,539,090
85%
20.Meksyk15,686,262
81%
8.Niemcy45,400,000
81%
10.Francja38,643,750
74%
15.Polska18,890,000
74%
19.RPA16,424,417
68%
18.Włochy17,000,000
68%
5.Indonezja85,968,611
66%
4.Pakistan108,044,691
62%
3.Nigeria125,039,680
60%
11.Egipt32,101,325
57%
6.Filipiny64,025,890
43%
17.Tajlandia17,121,187
43%
14.Bangladesz19,838,772
38%
16.Ghana18,000,000
26%
9.Uganda39,800,000
17%

Rozkład punktacji

Percentyl według liczby udzielonych odpowiedzi

Procent ludzi z każdym wynikiem

Twoja historia wyników

Nie rozwiązałeś tego quizu